| 000 | 01348nam0a22003011 4500 | ||
|---|---|---|---|
| 001 | rc\467295 | ||
| 005 | 20260405061321.0 | ||
| 035 | _a(NLR Aleph) 005711368 | ||
| 090 |
_a7381606 _c7381606 |
||
| 100 | _a20030616d1987 |||y0rusy50 ca | ||
| 101 | 0 | _arus | |
| 102 | _aRU | ||
| 105 | _ay ||||||||| | ||
| 200 | 1 |
_aИз дома - в дом _eКн. новых стихов _fИгорь Инов |
|
| 210 |
_aЛ. _cСов. писатель. Ленингр. отд-ние _d1987 |
||
| 215 |
_a159, [1] с. _d17 |
||
| 327 | 1 | _aСодерж.: Циклы: Чересполосица стихий; Эхо войны; За Карпатами; Не наглядятся никогда глаза... | |
| 464 | 0 |
_12001#$aЧересполосица стихий _tЧересполосица стихий |
|
| 464 | 0 |
_12001#$aЭхо войны _tЭхо войны |
|
| 464 | 0 |
_12001#$aЗа Карпатами _tЗа Карпатами |
|
| 464 | 0 |
_12001#$aНе наглядятся никогда глаза... _tНе наглядятся никогда глаза... |
|
| 700 | 1 |
_8rus _7ca _aИванов _bИ. В. _cпоэт, переводчик _f1930-2003 _gИгорь Владимирович _3RU\NLR\AUTH\7720357 _93425 |
|
| 801 | 0 |
_aRU _bNLR _gpsbo |
|
| 801 | 1 |
_aRU _bELAR _2rusmarc |
|
| 852 |
_aNLR _j87-2/2656 |
||
| 942 | _cBOOK | ||
| 980 | _aNB | ||